000 00469cam a2200193 4500
001 D3670
008 090401t1978 xxu||||| |||| 00| 0 eng d
035 _a(Sirsi) u74399
041 _aeng
050 _a692.5
100 _aWight, H.J.
245 _aFarm building cost guide 1978
250 _a4th
260 _aAberdeen
_bScottish Farm Buildings Investigation Un
_c1978
300 _avi. 133p. 15cm x 22cm
350 _a1.5
942 _n0
948 _c04/03/1997
999 _c95835
_d95835